000
00183 a2200097 4500
020
_a
9789872739669
041
_a
spa
100
_a
Cassara, Walter
245
_a
Noctilucas
942
_c
BK
999
_c
14824
_d
14824